000 01380cam a2200325 4500
001 L123362
008 000000n2004 000 0 eng u
020 _a0415323681
035 _a(Sirsi) u123362
041 _aeng
050 _a692.5
_c18
245 _aSpon's mechanical and electrical services price book 2004
250 _a35th
260 _aLondon
_bSpon
_c2004
300 _axvii, 662p.
_c26cm.
350 _a115
520 _aThe latest edition of this standard price book aims to provide industry average prices for mechanical and electrical services, giving a reasonably accurate indication of their likely cost. Part one covers approximate estimating; part two provides material costs/measured work prices for mechanical and electrical installations; part three deals with rates of wages and working rules; and part four covers daywork. Tables and memoranda.
520 _aThere is a separate CD-Rom (L145080) for reference use in the Library
650 _aBUILT ENVIRONMENT-BUILDING COSTS
650 _aBlock management
_96220
650 _aELECTRICAL INSTALLATIONS
650 _aMECHANICAL INSTALLATIONS
650 _aLABOUR COSTS
650 _aBUILDING PRICE BOOKS
650 _aMECHANICAL AND ELECTRICAL SERVICES
650 _aSPONS PRICE BOOKS
690 _aBUILT ENVIRONMENT-BUILDING COSTS
710 _aMott Green & Wall
942 _n0
999 _c103027
_d103027